01231cam a22003374a 450000100090000000300050000900500170001400800410003101000170007201500190008901600180010802000150012602000180014103500230015904000360018204200080021805000210022608200240024710000250027124500650029625000120036126000640037330000370043744000370047450400510051153800250056265000310058785600780061885600910069685601060078714096510NUST20170607105455.0050902s2006 enka b 001 0 eng  a 2005025467 aGBA6042102bnb7 a0133545572Uk a0521858607 a9780521858601 a(OCoLC)ocm61463625 aDLCcRCMSdBAKERdC#PdUKMdDLC apcc00aTL716b.L43 200600a629.133/352 LEI2221 aLeishman, J. Gordon.10aPrinciples of helicopter aerodynamics /cJ. Gordon Leishman. a2nd ed. aCambridge ;aNew York :bCambridge University Press,c2006. axxxvii, 826 p. :bill. ;c27 cm. 0aCambridge aerospace series ;v18 aIncludes bibliographical references and index. iShelf No 1 Row No 3  0aHelicoptersxAerodynamics.413Table of contentsuhttp://www.loc.gov/catdir/toc/ecip0518/2005025467.html423Publisher descriptionuhttp://www.loc.gov/catdir/enhancements/fy0633/2005025467-d.html423Contributor biographical informationuhttp://www.loc.gov/catdir/enhancements/fy0733/2005025467-b.html